Statistics for Spot the Fake Country Name - Multiple Choice

Click here to take the quiz!

General Stats

  • This quiz has been taken 67 times
  • The average score is 14 of 15

Answer Stats

QuestionAnswer% Correct
What country has a fake/extinct/territory name?British Indian Ocean Territory
100%
What country has a fake/extinct/territory name?Coldland
100%
What country has a fake/extinct/territory name?Mongol Empire
100%
What country has a fake/extinct/territory name?Prussia
100%
What country has a fake/extinct/territory name?Quebec
100%
What country has a fake/extinct/territory name?Rhodesia
100%
What country has a fake/extinct/territory name?Bengyum
98%
What country has a fake/extinct/territory name?Qing Dynasty
98%
What country has a fake/extinct/territory name?Uyghur Khaganate
98%
What country has a fake/extinct/territory name?French Guiana
95%
What country has a fake/extinct/territory name?Rurua
95%
What country has a fake/extinct/territory name?Garalitho
93%
What country has a fake/extinct/territory name?Soviet Union
93%
What country has a fake/extinct/territory name?Saint Tome and Lucia
92%
What country has a fake/extinct/territory name?Cayman Islands
82%

Score Distribution

Percentile by Number Answered

Percent of People with Each Score

Your Score History

You have not taken this quiz